B Vocabulary Words #1 - Statistics

General Stats
  • This quiz has been taken 90,557 times
    62,532 since last reset
  • The average score is 13 of 22
Answer Stats
Definition Word % Correct
Coffee shop employee Barista
94%
Female ballet dancer Ballerina
91%
Whale fat Blubber
75%
Able to float Buoyant
73%
Full body and face garment for Muslim women Burka
71%
Old Russian woman Babushka
70%
Crustacean that attaches to rocks or ships Barnacle
69%
Singing voice between bass and tenor Baritone
66%
Middle Eastern marketplace Bazaar
64%
Study of bullet flight Ballistics
59%
Type of British lawyer Barrister
58%
Ornately detailed in the style of the 17th century Baroque
56%
The 5th element Boron
56%
Extortion Blackmail
49%
Marshy river of Louisiana Bayou
47%
Ski mask Balaclava
44%
House of ill repute Brothel or Bordello
44%
Bulk gold or silver Bullion
41%
Naval embargo Blockade
38%
Unconventional, artistic person; especially in turn-of-the-century Paris Bohemian
35%
Enemy aircraft (slang) Bogey or Bandit
32%
Short blessing following a church service Benediction
21%
No matching quizzes found
Score Distribution
Percent of People with Each Score
Percentile by Number Answered
Your Score History
You have not taken this quiz since the last reset